000 00269nam a22001097a 4500
082 _a332.710967 VAS
100 _avasthoff, Josef
245 _asmall farm credit and development
260 _aLondon
_bWeltoforum verlag
_c1968
300 _a144p.
_bill, 21cm.
942 _cBK
999 _c15451
_d15451